Ч. 1: Идентификация вещества; Химические методы анализа

Detalles Bibliográficos
Parent link:Химические методы анализа: учебное пособие/ Л. Д. Свинцова; Томский политехнический университет (ТПУ). Ч. 1: Идентификация вещества.— , 2008
Summary:В пособии изложены общие подходы к изучению вещества. Кратко приведены основы аналитической химии. Основное внимание уделено вопросам идентификации вещества. В качестве практического исследования вещества приводится методика анализа соли неизвестного состава с подробным описанием хода работы и справочными сведениями об открывании катионов и анионов. Особенностью пособия является системный подход к исследованию качественного и количественного состава изучаемого объекта. Предназначено для студентов нехимических специальностей, изучающих курс общей химии.
Idioma:ruso
Publicado: 2008
Subjects:
Formato: MixedMaterials Libro
KOHA link:https://koha.lib.tpu.ru/cgi-bin/koha/opac-detail.pl?biblionumber=179363

MARC

LEADER 00000nam2a2200000 4500
001 179363
005 20231101223453.0
035 |a (RuTPU)RU\TPU\book\194434 
090 |a 179363 
100 |a 20100420d2008 m y0rusy50 ca 
101 0 |a rus 
102 |a RU 
105 |a a j 001zy 
200 0 |a Ч. 1: Идентификация вещества 
210 |d 2008 
215 |a 74 с.  |c ил. 
320 |a Библиогр.: с. 72. 
330 |a В пособии изложены общие подходы к изучению вещества. Кратко приведены основы аналитической химии. Основное внимание уделено вопросам идентификации вещества. В качестве практического исследования вещества приводится методика анализа соли неизвестного состава с подробным описанием хода работы и справочными сведениями об открывании катионов и анионов. Особенностью пособия является системный подход к исследованию качественного и количественного состава изучаемого объекта. Предназначено для студентов нехимических специальностей, изучающих курс общей химии. 
461 1 |0 (RuTPU)RU\TPU\book\194761  |t Химические методы анализа  |o учебное пособие  |f Л. Д. Свинцова  |g Томский политехнический университет (ТПУ)  |v Ч. 1: Идентификация вещества  |d 2008 
606 1 |a Качественный анализ  |2 stltpush  |3 (RuTPU)RU\TPU\subj\14163  |9 40626 
610 1 |a химический анализ 
610 1 |a химические вещества 
610 1 |a идентификация 
610 1 |a общая химия 
610 1 |a химические элементы 
610 1 |a осаждение 
610 1 |a ионный обмен 
610 1 |a экстракция 
610 1 |a хроматография 
610 1 |a труды учёных ТПУ 
610 1 |a учебные пособия 
675 |a 543.061(075.8)  |v 3 
801 1 |a RU  |b 63413507  |c 20100420 
801 2 |a RU  |b 63413507  |c 20200630  |g RCR 
942 |c BK